| 000 | 00985nam a2200301 c 4500 | ||
|---|---|---|---|
| 999 |
_c344222 _d344222 |
||
| 003 | BLK | ||
| 005 | 20190919090121.0 | ||
| 008 | 180911b bul|||||r ||||||| ||bul|| | ||
| 010 | _a003887 | ||
| 040 | _aBLK | ||
| 041 |
_aSAN _cDEU |
||
| 080 | _z809.12(038.1) | ||
| 245 | 1 | 0 | _aSANSKRIT-WORTERBUCH |
| 246 | _bSANSKRIT-WORTERBUCH | ||
| 260 |
_aStrassburg ; London _bKarl J. Trubner _c1887 |
||
| 300 |
_aVIII, 541 с. _c25 см |
||
| 380 | _a80 | ||
| 490 |
_aЧастна колекция - Академик Михаил Арнаудов _gДарение - Основен фонд |
||
| 500 | _aМихаил Арнаудов: подпис | ||
| 520 | _a | ||
| 520 | _aМихаил Арнаудов: негови-книга | ||
| 520 | _aДатиране на книгата : /Berlin/ Дек. 1899. | ||
| 650 |
_aЕзици _9396454 |
||
| 655 |
_aЕзикознание _9396452 |
||
| 700 | 1 |
_aBearb. Carl Cappeller _9396455 |
|
| 852 | _aМА 41 | ||
| 942 |
_cKNG _n0 _s1 |
||
| 944 |
_aCR _c1994 _kValK |
||
| 999 | _d344222 | ||